Loading...
Mechanics of organic reactions
| Main Author: | |
|---|---|
| Published: |
New Delhi
Oxford University Press
2005
|
| Subjects: |
| LEADER | 00502cam a2200169ua 4500 | ||
|---|---|---|---|
| 020 | |a 0-19-567409-X | ||
| 082 | |a 547.1 |b MAS/M | ||
| 100 | 0 | |a Maskill, Howard | |
| 245 | 1 | 0 | |a Mechanics of organic reactions |
| 260 | |a New Delhi |b Oxford University Press |c 2005 | ||
| 300 | |a 96p. | ||
| 500 | |a Includes index. | ||
| 650 | |a Chemistry | ||
| 650 | 0 | |a Organic chemistry | |
| 942 | |c BK | ||
| 999 | |c 15406 |d 15406 | ||
| 952 | |0 0 |1 0 |4 0 |6 547_100000000000000_MASM |7 0 |9 16067 |a KUCL |b KUCL |d 2014-05-23 |l 0 |o 547.1 MAS/M |p 17721 |r 2014-05-23 | ||